ARRUPE JESUIT UNIVERSITY

CORONAVIRUS -STOP THE SPREAD - CLEAN,DISINFECT,COVER

Annals of English drama 975-1700 (Record no. 122433)

MARC details
000 -LEADER
fixed length control field 00676nam a22001697a 4500
008 - FIXED-LENGTH DATA ELEMENTS--GENERAL INFORMATION
fixed length control field 150312b xxu||||| |||| 00| 0 eng d
050 ## - LIBRARY OF CONGRESS CALL NUMBER
Classification number Z2014.D7H25
100 ## - MAIN ENTRY--PERSONAL NAME
Personal name Harbage, A.
9 (RLIN) 16312
245 ## - TITLE STATEMENT
Title Annals of English drama 975-1700
Remainder of title an analytical record of all plays, extant or lost, chronologicallty arranged and indexed by authors, titles, dramatic companies
Statement of responsibility, etc /by Alfred Harbage
260 ## - PUBLICATION, DISTRIBUTION, ETC. (IMPRINT)
Place of publication, distribution, etc London
Name of publisher, distributor, etc Methuen
Date of publication, distribution, etc 1964
300 ## - PHYSICAL DESCRIPTION
Extent xvii,321p. ;
Dimensions 26cm.
650 ## - SUBJECT ADDED ENTRY--TOPICAL TERM
Topical term or geographic name as entry element English drama
General subdivision Bibliography
9 (RLIN) 16313
650 ## - SUBJECT ADDED ENTRY--TOPICAL TERM
Topical term or geographic name as entry element English literature
General subdivision Chronology
9 (RLIN) 16314
650 ## - SUBJECT ADDED ENTRY--TOPICAL TERM
Topical term or geographic name as entry element Theatre
Geographic subdivision England
9 (RLIN) 16315
700 ## - ADDED ENTRY--PERSONAL NAME
Personal name Schoenbaum,Samuel
9 (RLIN) 16316
Relator term ed.
942 ## - ADDED ENTRY ELEMENTS (KOHA)
Source of classification or shelving scheme Library of Congress Classification
Item type Monograph ( Printed materials)
Holdings
Withdrawn status Lost status Source of classification or shelving scheme Damaged status Not for loan Collection code Home library Current library Shelving location Date acquired Total Checkouts Full call number Barcode Date last seen Price effective from Koha item type
    Library of Congress Classification     Main Collection ARRUPE LIBRARY ARRUPE LIBRARY Main Collection 12/03/2015   Z2014.D7H25 46500002683 11/09/2019 12/03/2015 Monograph ( Printed materials)

 

Arrupe Library. PO Box MP320 Mt Pleasant, Harare, Zimbabwe
263 242 745411|librarian@aju.ac.zw